Quizzes
Events
Quiz Creation
Community
Videos
Private Events
Remove Ads
Sign In
Join for FREE
Feedback
Dark Mode
Quiz Categories
Sports
Geography
Music
Movies
Television
Just For Fun
Miscellaneous
History
Literature
Language
Science
Gaming
Entertainment
Religion
Holiday
For Kids
Quiz Lab
Recent
Popular Today
Quiz Kudos Today
Editor Picks
Curator Picks
Quizzes by...
Day
Popularity
Type
Ratings
Length
Year
Community
Subscriptions
Recent Discussions
Orange Saloon
Badges
Playlists
Quests
Create
Leaderboards
Showdown
Live 5
Trivia Bingo
Activity
Puzzle Library
Sporcle Events
Private Events
Virtual Trivia
Globe League
Become a Host
Pub Owners
SporcleCon
Opinionation
Our Games
Videos
Blog
Mobile Apps
Partnerships
Remove Ads and Go Orange
Feedback
Miscellaneous
Crossword
General Knowledge
Baby Names
Logo
Food
Cars
Numbers
Grab Bag
University
College
Popular
Company
Slogans
Restaurants
Justice
Letter
Miscellaneous
Crossword
General Knowledge
Baby Names
Logo
Food
Cars
Numbers
Grab Bag
University
College
Popular
Company
Slogans
Restaurants
Justice
Letter
Random Quiz
Search Sporcle
×
Quiz Lab
Quiz Lab
Miscellaneous
Internet
Type in answers that appear in a list
Type in answers that appear in a list
Classic
Best Score? Go Orange.
Memes (Fill in the blanks) Stats
Can you name the missing words in these internet memes?
By
chain_chomp8
5m
30 Questions
562 Plays
562 Plays
562 Plays
Comments
Comments
Give Quiz Kudos
Give Quiz Kudos
-
- Ratings
hide this ad
Random Order
Randomize order of answers
Randomize order of answers
Replay
Link that replays current quiz
Next Quiz
Link to next quiz in quiz playlist
You Got
0%
They Got
Avg Score
30%
Avg Friend Score
Upgrade to see
Score Distribution
Jump to the score distribution portion of the page
Score
0/30
Timer
05:00
0
Plays Today
Meme
Missing Word
% Correct
Rick_
_
_
_
roll
82%
The cake is a _
_
_
lie
74.6%
This! Is! _
_
_
_
_
_
_
_
_
_
!!!
SPARTAAAAAA!
73.7%
so i herd u liek _
_
_
_
_
_
_
mudkipz
67.4%
Cool _
_
_
_
, bro
story
61.9%
Imma let you _
_
_
_
_
_
...
finish
55.2%
_
_
_
_
or it didn't happen.
Pics
47.3%
David After _
_
_
_
_
_
_
Dentist
46.3%
Boom! _
_
_
_
_
_
_
_
!
Headshot
45.6%
_
_
_
_
_
Videogame Nerd
Angry
33.1%
There are no _
_
_
_
_
_
on the internet
girls
32.6%
What is this I don't _
_
_
_
even
32%
You win the _
_
_
_
_
_
_
internet
31.5%
I like _
_
_
_
_
_
turtles
27.2%
My _
_
_
_
is too big
Spoon
26.2%
Meme
Missing Word
% Correct
Your shipment of _
_
_
_
_
has arrived
FAIL
23.3%
I'm _
_
and what is this?
12
19.2%
Red _
_
_
_
_
_
_
Standing By
Leader
18.7%
ARE YOU A BAD ENOUGH _
_
_
_
TO RESCUE THE PRESIDENT?
DUDE
16.9%
Spy _
_
_
_
_
_
_
mah sentry!
sappin'
16.5%
The _
_
_
_
are inert!
Balls
15.1%
Mama _
_
_
_
_
_
Luigi
15.1%
You were almost a _
_
_
_
Sandwich!
Jill
10.3%
Warning! _
_
_
_
_
_
_
Approaching!
Challenger
9.8%
This looks _
_
_
_
_
_
shopped
8.2%
_
_
_
_
_
_
_
, do everything!
Ramirez
6.4%
The internet is _
_
_
_
_
_
_
_
_
_
_
_
_
_
_
serious business
4.1%
_
_
_
_
_
_
here!
Pills
2.8%
Why am I so _
_
_
_
?
bald
2.5%
_
_
_
_
duck
Croco
1.8%
Quiz Playlist
Details
Report
Send in Message
Add To Playlist
Classic:
Type in answers that appear in a list
Random Order:
Randomize order of answers
Last Updated: Feb 16, 2017
Quiz Scoreboard
CHALLENGE
Sign Up to Join the Scoreboard
Show All
Scores
Hide
Comments
May contain spoilers
Recently Published
Presidents Visiting Landmarks
by Hejman
History
7m
An Introduction to Baseball
by treessimontrees
Sports
5m
Movies - When Are They Set?
by FPL_Elf
Movies
5m
More to Explore
Quiz From the Vault
Featured Blog Post
Where Did the Easter Bunny Come From?
hide this ad
You Might Also Like...
Tags
fill-in-the-blank
Internet
meme
Today's Top Quizzes in Miscellaneous
Browse Miscellaneous
hide this ad
Today's Top Quizzes in Internet
Browse Internet
Top Contributed Quizzes in Miscellaneous
1
5-to-1: Fast Food
2
The JOE quick-fire general knowledge quiz: Day 174
3
The JOE quick-fire general knowledge quiz: Day 173
4
The JOE quick-fire general knowledge quiz: Day 172
5
5-to-1: Cocktails
6
Sunday Crossword: Famous Bodies of Water
7
One Thing in Common: United Kingdom II
8
The JOE quick-fire general knowledge quiz: Day 171
9
Named After an Animal - Odd One Out!
10
The JOE quick-fire quiz: Day 170
Explore More
Trending Topics
Crossword
Anime
Harry Potter
Disney
NBA
Kpop
Marvel
The Office
Puzzle
WWE
Pokémon
Soccer
Country
NFL
Song
hide this ad
More By:
chain_chomp8
Quiz
Plays
Rating
Category
Featured
Created
Memes (Fill in the blanks)
562
2.88
Miscellaneous
Mar 4, 2010
12 Olympians
223
4.00
History
Mar 2, 2010
Pokémon Starters and their Evolutions
165
3.00
Gaming
Mar 2, 2010
Pokémon Starters
143
2.71
Gaming
Mar 3, 2010
Animators by Cartoon Character
90
4.00
Movies
Mar 2, 2010
Go to Creator's Profile
Score Distribution
Quiz Creator Spotlight
chain_chomp8
Follow
Send a Message
Quizzes Created
-
Created Quiz Play Count
-
More By This Creator
Popular Quizzes Today
1
Find the US States - No Outlines Minefield
2
Find the Countries of Europe - No Outlines Minefield
3
The Countries of the World
4
Find the US States
5
Popular People in 1961
6
US States
7
Risky Map Clicking: Biggest States A-Z
8
Movies - When Are They Set?
More Miscellaneous Quizzes
Famous Baby Names
Published
Trending Quizzes
Risky Map Clicking: Least Populous States A-Z
1-10 Letter G Words
1-10 Letter F Words
Risky Map Clicking: Next State Alphabetically
Risky Map Clicking: Biggest States A-Z
Recently Updated
Leaping Animals
pecheneg
Reality TV Shows (A-Z)
bhenderson79
Rickey Henderson's Hall of Fame Teammates
pecheneg
Champions League XIs: Arsenal
pecheneg
Quick Pick: Celebrities in WWE's Hall of Fame
aduchscher
A-Z Keypad Blitz II
pecheneg
Multiple Oscar Actors
pecheneg
Mystery Phrase Blitz: Oscar 'Best Actors'
pecheneg
F. Scott Fitzgerald Novels
LTH
Pick 3 Villains
ddd62291
Trending Topics
Kpop
Crossword
Anime
Marvel
Harry Potter
Disney
NBA
Pokémon
Soccer
Puzzle
The Office
Song
Country
WWE
NFL
Your Account Isn't Verified!
In order to create a playlist on Sporcle, you need to verify the email address you used during registration. Go to your
Sporcle Settings
to finish the process.
Report this User
Report this user for behavior that violates our
Community Guidelines
.
Details:
Send Report
Go to the Sporcle.com Mobile Site →
Comments